| 000 | 00665nam a2200241 i 4500 | ||
|---|---|---|---|
| 001 | 18305 | ||
| 003 | DO-SdUEMH | ||
| 005 | 20260108161330.0 | ||
| 007 | ta | ||
| 008 | 260108s1959 dr a|||gr|||| 00| 0 spa d | ||
| 040 |
_aDO-SdUEMH _bspa _erda |
||
| 041 | _aspa | ||
| 082 | 1 | 4 |
_mRD _bM828 |
| 100 | 1 | _eaut | |
| 245 |
_aEn las Bodas de Planta del Padre Henríquez / _cAlfredo Morales. |
||
| 264 | 1 |
_aCiudad Trujillo, República Dominicana : _c1959 |
|
| 264 | 4 | _c©1959 | |
| 300 |
_a46 páginas : _bilustraciones ; _c22 cm. |
||
| 336 |
_2rdacontent _atexto _btxt |
||
| 337 |
_2rdamedia _asin mediación _bn |
||
| 338 |
_2rdacarrier _avolumen _bnc |
||
| 942 |
_2ddc _cBK _n0 |
||
| 999 |
_c18305 _d18305 |
||